Central Library OPAC University of Rajshahi

Experiments with a backward class / (Record no. 50002)

MARC details
000 -LEADER
fixed length control field 00766nam a2200253 a 4500
001 - CONTROL NUMBER
control field 50002
003 - CONTROL NUMBER IDENTIFIER
rucl marc code BD-RjUL
005 - DATE AND TIME OF LATEST TRANSACTION
control field 20211209075437.0
008 - FIXED-LENGTH DATA ELEMENTS--GENERAL INFORMATION
fixed length control field 160823r19521949enka 000 0 eng d
035 ## - SYSTEM CONTROL NUMBER
System control number (BD-RjUL)50122
040 ## - CATALOGING SOURCE
Original cataloging agency QU
Language of cataloging eng
Transcribing agency QU
Modifying agency BD-RjUL
041 ## - LANGUAGE CODE
Language code of text/sound track or separate title eng
082 ## - DEWEY DECIMAL CLASSIFICATION NUMBER
Edition number 23
Classification number 371.9043
Author mark and year TAE 1952
100 10 - MAIN ENTRY--PERSONAL NAME
Personal name Taylor, Elizabeth A.
9 (RLIN) 149840
245 10 - TITLE STATEMENT
Title Experiments with a backward class /
Statement of responsibility, etc. by Elizabeth A. Taylor.
250 ## - EDITION STATEMENT
Edition statement 3rd ed.
260 ## - PUBLICATION, DISTRIBUTION, ETC. (IMPRINT)
Place of publication, distribution, etc. London :
Name of publisher, distributor, etc. Methuen,
Date of publication, distribution, etc. 1949 [reprinted 1952]
300 ## - PHYSICAL DESCRIPTION
Pagination viii, 112p :
Illustrations ill ;
Size 19 cm.
490 0# - SERIES STATEMENT
Series statement Contributions to modern education
650 #0 - SUBJECT ADDED ENTRY--TOPICAL TERM
Topical term or geographic name as entry element Children with disabilities
General subdivision Education.
9 (RLIN) 149841
856 ## - ELECTRONIC LOCATION AND ACCESS
Materials specified Contributions to modern education
942 ## - ADDED ENTRY ELEMENTS (KOHA)
Source of classification or shelving scheme Dewey Decimal Classification
Koha item type Books
Holdings
Lost status Source of classification or shelving scheme Damaged status Not for loan Collection code Permanent Location Current Location Shelving location Date acquired Source of acquisition Cost, normal purchase price Total Checkouts Full call number Date last seen Copy number Koha item type
  Dewey Decimal Classification     Non-fiction Central Library, University of Rajshahi Central Library, University of Rajshahi   07/01/1956 Samsunnahar 76.00   371.9043 TAE 1952 23/08/2016 C-2 Books